000 01128nam a2200241 i 4500
001 17234
003 ES-MaACL
005 20240927063112.0
007 t|
008 010123m19992000sp ||||0| spa j
020 _a84-89794-29-4
040 _aM-BN
_bspa
_cM-BN
080 _a821.134.2-82"19"
100 0 _aGaya Nuño, Juan Antonio,
_d1913-1976
_956130
245 1 0 _aObras completas /
_cJuan Antonio Gaya Nuño.
260 _aMadrid :
_bFundación José Antonio de Castro,
_c[1999]-2000.
300 _a2 v. ;
_c23 cm.
490 1 _aBiblioteca Castro
505 8 _aI. Obras publicadas: El santero de San Saturio. Tratado de mendicidad. Historia del cautivo. Los gatos salvajes. La corónica celestias. Etiqueta o uniforme. Los monstruos prestigiosos, I. Robo en el museo. El sistema métrico trinal. II. Obras inéditas: Los trenes. Mi final de la guerra. Cuentos culturales para instruir deleitando. Milagro a la fuerza y demás prodigios. Los monstruos prestigiosos, II. Otros relatos.
830 0 _aBiblioteca Castro
_9178957
852 _aES-MaACL
_jL-24214-15
_bR.129303
999 _c17234
_d17234